000 02004cam a2200349 a 4500
008
020 _a9780323030106(paperback).
040 _aNUST
_cNUST
049 _aMAIN
050 4 _aRT84.5
_b.N9738 2006.
090 _aRT84.5
_bALL.
100 _aAlligood, Martha.Raile.
245 0 0 _aNursing theorists and their work /
_cMartha Raile Alligood.
250 _a8th edition.
260 _aSt. Louis, Mo. :
_bMosby/Elsevier,
_c2014.
300 _axvii, 746 pages. :
_billustrations ;
_c24 cm.
336 _atext
_btxt
_2rdacontent.
337 _aunmediated
_b2rdamedia.
338 _avolume
_2rdacarrier.
504 _aIncludes bibliographical references and index.
505 0 _aIntroduction to nursing theory: its history, significance, and analysis / Martha Raile Alligood -- History and philosophy of science / Sue Marquis Bishop and Sonya R. Hardin -- Logical reasoning / Sue Marquis Bishop and Sonya R. Hardin -- Theory development process / Sue Marquis Bishop and Sonya R. Hardin -- Nursing theorists of historical significance: Hildegard E. Peplau, Faye Glenn Abdellah, Ernestine Wiedenbach, Lydia Hall, Virginia Henderson, Joyce Travelbee, Kathryn E. Barnard, Evelyn Adam, Nancy Roper, Winifred W. Logan, Alison J. Tierney / Ann Marriner Tomey -- Florence Nightingale: modern nursing / Susan A. Pfettscher -- Jean Watson: philosophy and science of caring / Ruth M. Neil and Ann Marriner Tomey -- Marilyn Anne Ray: theory of bureaucratic caring / Sherrilyn Coffman -- Patricia Benner: from novice to expert: excellence and power in clinical nursing practice / Karen A. Brykczynski -- Kari Martinsen.
650 0 _aNursing
_xPhilosophy.
650 0 _aNursing models.
650 0 _aNursing
_xPhilosophy
_vBiography.
650 0 _aNurses
_vBiography.
700 1 _aMarriner-Tomey, Ann.
700 1 _aAlligood, Martha Raile.
907 _a.b10398922
_b22-01-20
_c22-01-20
003
005 20230120144501.0
942 _cBOOKS
_kRT84.5
_mALL.
999 _c97669
_d97669